| 000 | 00576nam a22001937a 4500 | ||
|---|---|---|---|
| 003 | OSt | ||
| 005 | 20251003165140.0 | ||
| 008 | 251003b |||||||| |||| 00| 0 eng d | ||
| 020 | _a0304325058 | ||
| 040 |
_aDDC _cMUST |
||
| 082 | _a647.94 TEA 1992 | ||
| 100 |
_aEdited by Teare Richard _919398 |
||
| 245 |
_aManaging Projects in Hospitality Organosations/ _cEdited by Teare Richard |
||
| 260 |
_aNew York: _bCassell, _c1992. |
||
| 300 |
_aviii,325p.: _bill (B/W); _c24CM. |
||
| 504 | _aInclude: Index and References (P325) | ||
| 650 |
_aProjects _919399 |
||
| 942 |
_2ddc _cO_SHELF |
||
| 999 |
_c9527 _d9527 |
||